[Event "GER-ch52 V4 email"]
[Site "GER email"]
[Date "2009.??.??"]
[Round "?"]
[White "Geenen, Marc"]
[Black "Johansson, Mats"]
[Result "1/2-1/2"]
[WhiteElo "2193"]
[BlackElo "2158"]
[PlyCount "111"]
[EventDate "2009.10.12"]
[EventType "tourn (corr)"]
[EventRounds "6"]
[EventCountry "GER"]
[SourceTitle "Corr 2011"]
[Source "ChessBase"]
[SourceDate "2010.08.31"]
[SourceVersion "1"]
[SourceVersionDate "2010.08.31"]
[SourceQuality "1"]

1. d4 d5 2. c4 e6 3. Nc3 Nf6 4. Bg5 Be7 5. e3 0-0 6. Nf3 h6 7. Bh4 b6 8. Bd3 Bb7 9. 0-0 Ne4 10. Bxe7 Qxe7 11. cxd5 exd5 12. Qb3 Rd8 13. Rfd1 c5 14. Qa4 Nc6 15. Rac1 Rac8 16. dxc5 Nxc5 17. Qg4 Ne5 18. Nxe5 Qxe5 19. Bc2 Ne4 20. Bxe4 dxe4 21. Rd7 h5 22. Qh3 Bc6 23. Rd4 Re8 24. a3 Rcd8 25. Rcd1 Qg5 26. g3 Rxd4 27. Rxd4 Re6 28. b4 Qe5 29. Qh4 g6 30. Qf4 Qxf4 31. gxf4 Re7 32. Kg2 Kg7 33. Kg3 f5 34. Kh4 Kh6 35. Rd6 Be8 36. Rd8 Bc6 37. Rh8+ Rh7 38. Rc8 Bb7 39. Rf8 Bc6 40. Rb8 Rb7 41. Rg8 Kh7 42. Rc8 Bd7 43. Ra8 Kh6 44. Ne2 Ba4 45. Nd4 Bd7 46. h3 Rc7 47. Rb8 Ba4 48. b5 Rf7 49. Rc8 Rd7 50. Rc4 Bd1 51. a4 Rg7 52. a5 bxa5 53. Rc1 Bf3 54. Ra1 Bg2 55. Rxa5 Bf1 56. Nc6 1/2-1/2

[Event "IECG CP.2008.P.00013 email"]
[Site "IECG email"]
[Date "2008.10.01"]
[Round "?"]
[White "Blittkowsky, Ralf"]
[Black "Johansson, Mats"]
[Result "1/2-1/2"]
[WhiteElo "1863"]
[BlackElo "2243"]
[PlyCount "86"]
[EventDate "2008.10.01"]
[EventType "tourn (corr)"]
[EventRounds "6"]
[EventCountry "ARG"]
[SourceTitle "Corr 2024"]
[Source "ChessBase"]
[SourceDate "2023.10.19"]
[SourceVersion "1"]
[SourceVersionDate "2023.10.19"]
[SourceQuality "1"]

1. c4 c5 2. Nf3 Nf6 3. g3 g6 4. Bg2 Bg7 5. 0-0 0-0 6. Nc3 Nc6 7. d3 d5 8. cxd5 Nxd5 9. Bd2 b6 10. Qa4 Bb7 11. Rfe1 e6 12. Rad1 Rc8 13. a3 a6 14. Nxd5 Qxd5 15. Ng5 Qd8 16. Qg4 h6 17. Nf3 h5 18. Qg5 Na7 19. Qxd8 Rfxd8 20. Bg5 Rd7 21. Nd2 Bxg2 22. Kxg2 Nb5 23. Nc4 Rc6 24. Bf4 f6 25. Be3 Nd4 26. Rc1 e5 27. h4 Bf8 28. Nd2 Kf7 29. Bxd4 exd4 30. Rc2 Re6 31. Kf3 g5 32. hxg5 fxg5 33. Ne4 Kg6 34. Kg2 Rf7 35. Rh1 Be7 36. a4 a5 37. Rcc1 Bd8 38. b3 Ree7 39. Rh3 Rf8 40. Rch1 Rh7 41. Rg1 Bf6 42. Rgh1 Be7 43. Rf1 Bf6 1/2-1/2

[Event "IECG TE.2003.F.01300 email"]
[Site "IECG email"]
[Date "2007.11.22"]
[Round "?"]
[White "Johansson, Mats"]
[Black "Pott, Brian"]
[Result "1-0"]
[WhiteElo "2241"]
[BlackElo "1941"]
[PlyCount "53"]
[EventDate "2007.11.22"]
[EventType "tourn (corr)"]
[EventRounds "14"]
[SourceTitle "Corr 2024"]
[Source "ChessBase"]
[SourceDate "2023.10.19"]
[SourceVersion "1"]
[SourceVersionDate "2023.10.19"]
[SourceQuality "1"]

1. e4 c5 2. Nf3 Nc6 3. d4 cxd4 4. Nxd4 Nf6 5. Nc3 e6 6. Ndb5 d6 7. Bf4 e5 8. Bg5 a6 9. Na3 b5 10. Nd5 Be7 11. Bxf6 Bxf6 12. c3 0-0 13. Nc2 Bg5 14. a4 bxa4 15. Rxa4 a5 16. Bc4 Rb8 17. b3 Kh8 18. Nce3 g6 19. h4 Bxh4 20. g3 Bg5 21. Ra2 Bxe3 22. Nxe3 Be6 23. Qd2 Bxc4 24. Nf5 g5 25. Qd1 Qf6 26. bxc4 Rfc8 27. Rh6 1-0

[Event "IECG TE.2003.F.01300 email"]
[Site "IECG email"]
[Date "2007.11.22"]
[Round "?"]
[White "Korchut, Adam"]
[Black "Johansson, Mats"]
[Result "0-1"]
[WhiteElo "2157"]
[BlackElo "2241"]
[PlyCount "160"]
[EventDate "2007.11.22"]
[EventType "tourn (corr)"]
[EventRounds "14"]
[SourceTitle "Corr 2024"]
[Source "ChessBase"]
[SourceDate "2023.10.19"]
[SourceVersion "1"]
[SourceVersionDate "2023.10.19"]
[SourceQuality "1"]

1. e4 c5 2. Nf3 Nc6 3. d4 cxd4 4. Nxd4 Nf6 5. Nc3 e6 6. Nxc6 bxc6 7. Bd3 d5 8. 0-0 Be7 9. Qf3 0-0 10. Qg3 Nd7 11. Bd2 Bh4 12. Qd6 Bb7 13. Rad1 e5 14. Qb4 Rb8 15. exd5 cxd5 16. Qg4 d4 17. g3 Bf6 18. Ne4 Bc8 19. Ng5 Bxg5 20. Bxg5 Nf6 21. Qh4 h6 22. Bxf6 Qxf6 23. Qxf6 gxf6 24. b3 Re8 25. Rfe1 Bg4 26. Rd2 Kg7 27. Kg2 Re7 28. a3 Rc8 29. f4 Bd7 30. Kg1 Kf8 31. Kf2 Rc3 32. Rde2 Bg4 33. Rd2 a5 34. Kf1 a4 35. bxa4 Rxa3 36. Bb5 Bf5 37. Rde2 Bh3+ 38. Kf2 Bg4 39. Rd2 Ra2 40. Re4 Bf5 41. Ree2 Ra1 42. Kg2 Bg4 43. Re4 h5 44. Kf2 Ra3 45. Kg1 Rc3 46. Re1 Rc5 47. Rb1 Rb7 48. Re1 Rbc7 49. Rf2 Ke7 50. Bd3 Bd7 51. Ref1 Bxa4 52. fxe5 fxe5 53. Rxf7+ Kd6 54. Rxc7 Rxc7 55. Rf2 Kd5 56. Re2 Be8 57. Kf2 Bd7 58. Be4+ Kd6 59. Re1 Bc6 60. Bg6 Bd5 61. Re2 Bf7 62. Bd3 Re7 63. Ke1 Bd5 64. Be4 Ra7 65. Kd2 Ra1 66. Bg6 Bf3 67. Re1 Rxe1 68. Kxe1 e4 69. Kd2 e3+ 70. Ke1 Kc5 71. h3 Kb4 72. Bf5 Bg2 73. Ke2 Kc3 74. h4 Bc6 75. Bg6 Ba4 76. Bxh5 Bxc2 77. g4 Bd3+ 78. Kd1 Bc4 79. Bg6 e2+ 80. Ke1 d3 0-1

[Event "IECG TE.2003.F.01300 email"]
[Site "IECG email"]
[Date "2007.11.22"]
[Round "?"]
[White "Retamoza, Francisco"]
[Black "Johansson, Mats"]
[Result "1/2-1/2"]
[WhiteElo "2214"]
[BlackElo "2241"]
[PlyCount "79"]
[EventDate "2007.11.22"]
[EventType "tourn (corr)"]
[EventRounds "14"]
[SourceTitle "Corr 2024"]
[Source "ChessBase"]
[SourceDate "2023.10.19"]
[SourceVersion "1"]
[SourceVersionDate "2023.10.19"]
[SourceQuality "1"]

1. e4 c5 2. Nf3 Nc6 3. d4 cxd4 4. Nxd4 Nf6 5. Nc3 e6 6. Ndb5 Bb4 7. a3 Bxc3+ 8. Nxc3 d5 9. exd5 exd5 10. Bd3 0-0 11. 0-0 d4 12. Ne2 Qd5 13. Nf4 Qd6 14. Nh5 Ng4 15. Bf4 Qd5 16. Ng3 Nf6 17. Re1 Be6 18. Ne4 Nxe4 19. Bxe4 Qb5 20. Rb1 Rfe8 21. Qd3 Qxd3 22. cxd3 Bb3 23. Rec1 h6 24. Rc5 Re7 25. h4 Rae8 26. Rbc1 a5 27. f3 a4 28. Rb5 f6 29. h5 Rd7 30. g4 Ree7 31. Kf2 Rd8 32. Rcc5 Rde8 33. Bd6 Rd7 34. Rxb7 Rxb7 35. Bxc6 Re6 36. Bxb7 Rxd6 37. Be4 Kf8 38. Rb5 Ke7 39. Rb4 Kd8 40. Kg3 1/2-1/2

[Event "IECG TE.2003.F.01300 email"]
[Site "IECG email"]
[Date "2007.11.22"]
[Round "?"]
[White "Stadler, Pavel"]
[Black "Johansson, Mats"]
[Result "1/2-1/2"]
[WhiteElo "1750"]
[BlackElo "2241"]
[PlyCount "122"]
[EventDate "2007.11.22"]
[EventType "tourn (corr)"]
[EventRounds "14"]
[SourceTitle "Corr 2024"]
[Source "ChessBase"]
[SourceDate "2023.10.19"]
[SourceVersion "1"]
[SourceVersionDate "2023.10.19"]
[SourceQuality "1"]

1. e4 c5 2. Nf3 Nc6 3. d4 cxd4 4. Nxd4 Nf6 5. Nc3 e6 6. Ndb5 Bb4 7. Bf4 Nxe4 8. Qf3 d5 9. Nc7+ Kf8 10. 0-0-0 Bxc3 11. bxc3 e5 12. Nxd5 f5 13. Be3 Qa5 14. Bc4 Be6 15. Bb3 Rd8 16. c4 h5 17. h3 Kg8 18. Kb2 h4 19. Rhe1 Rd7 20. Qe2 Kf7 21. f3 Ng3 22. Qd2 Qxd2 23. Rxd2 f4 24. Bf2 Rb8 25. Red1 Rbd8 26. Kc3 Nf5 27. Rd3 g5 28. Nc7 Rxc7 29. Rxd8 Nxd8 30. Rxd8 b6 31. c5 bxc5 32. Bxe6+ Kxe6 33. Rg8 Ng7 34. Kc4 e4 35. fxe4 Ke5 36. Kd3 Ne6 37. Re8 Rc6 38. Re7 a6 39. c4 Rd6+ 40. Ke2 Rb6 41. Bxc5 Rb2+ 42. Kf1 Rxa2 43. Bb6 Rc2 44. c5 a5 45. Bxa5 Rxc5 46. Bb4 Rc4 47. Ba5 Rxe4 48. Bc3+ Kf5 49. Rf7+ Kg6 50. Rf6+ Kh5 51. Kf2 Nc5 52. Rf5 Nd3+ 53. Kf1 Rc4 54. Ba5 f3 55. g4+ hxg3 56. Rxf3 Rf4 57. Kg2 Rxf3 58. Kxf3 Kh4 59. Bd2 Kxh3 60. Bxg5 Ne1+ 61. Ke4 g2 1/2-1/2

[Event "FICGS W-ch st2 g04 email"]
[Site "FICGS email"]
[Date "2007.07.11"]
[Round "1"]
[White "Johansson, Mats"]
[Black "Benitez, Ryan"]
[Result "1/2-1/2"]
[WhiteElo "2309"]
[BlackElo "2106"]
[PlyCount "83"]
[EventDate "2007.??.??"]
[EventType "tourn (corr)"]
[EventRounds "8"]
[SourceTitle "Corr 2022"]
[Source "ChessBase"]
[SourceDate "2021.10.24"]
[SourceVersion "1"]
[SourceVersionDate "2021.10.24"]
[SourceQuality "1"]

1. d4 Nf6 2. c4 c5 3. d5 d6 4. Nc3 g6 5. e4 Bg7 6. Nf3 0-0 7. Be2 e6 8. 0-0 exd5 9. cxd5 Re8 10. Nd2 Na6 11. f3 Nc7 12. a4 Nd7 13. Kh1 Ne5 14. f4 Nd7 15. Bd3 Bd4 16. Qc2 Nf6 17. Ne2 Be3 18. Nc4 Bxc1 19. Raxc1 Na6 20. Nc3 Nb4 21. Qd2 b6 22. Rfe1 Ba6 23. Bf1 Ng4 24. h3 Bxc4 25. Bxc4 Qh4 26. Kg1 Nf6 27. Bb5 Red8 28. Qf2 Qxf2+ 29. Kxf2 a6 30. Bc4 Ra7 31. Re2 Nd7 32. Kf3 f6 33. g3 Re8 34. b3 Kg7 35. Rce1 Rb7 36. Rg2 Rbb8 37. Rd2 Re7 38. Rde2 h5 39. Rg2 g5 40. Ree2 Rbe8 41. Rg1 Kh6 42. Rf1 1/2-1/2

[Event "FICGS W-ch st2 g04 email"]
[Site "FICGS email"]
[Date "2007.07.11"]
[Round "1"]
[White "Unger, Peter"]
[Black "Johansson, Mats"]
[Result "1-0"]
[WhiteElo "2086"]
[BlackElo "2309"]
[PlyCount "121"]
[EventDate "2007.??.??"]
[EventType "tourn (corr)"]
[EventRounds "8"]
[SourceTitle "Corr 2022"]
[Source "ChessBase"]
[SourceDate "2021.10.24"]
[SourceVersion "1"]
[SourceVersionDate "2021.10.24"]
[SourceQuality "1"]

1. d4 Nf6 2. Nf3 e6 3. c4 b6 4. g3 Bb7 5. Bg2 Be7 6. Nc3 0-0 7. Qc2 c5 8. dxc5 bxc5 9. 0-0 Nc6 10. Rd1 d6 11. Rb1 Nb4 12. Qb3 Rb8 13. a3 Nd3 14. Rxd3 Bxf3 15. Qd1 Bxg2 16. Kxg2 Qc7 17. f3 Rfd8 18. Bf4 a6 19. Qd2 Nh5 20. Bg5 f6 21. Bf4 Nxf4+ 22. Qxf4 f5 23. e4 Rf8 24. Qe3 Qc8 25. Rd2 fxe4 26. Qxe4 Rf6 27. f4 Qd7 28. Re2 Bf8 29. Rbe1 g6 30. Rd2 Bg7 31. Ree2 Rb6 32. a4 a5 33. Nb5 Rc6 34. Qd3 Bf8 35. Qc3 Qd8 36. Re1 h6 37. h4 Kf7 38. Rde2 d5 39. cxd5 exd5 40. Re8 Qd7 41. Qxa5 Rce6 42. R8xe6 Rxe6 43. Rxe6 Qxe6 44. Qc7+ Be7 45. Qe5 Qc6 46. Nc7 d4+ 47. Nd5 Bd8 48. f5 gxf5 49. Qxf5+ Ke8 50. b3 Qd6 51. Kf2 Bb6 52. Nf6+ Ke7 53. Ng8+ Kd8 54. Qf6+ Qxf6+ 55. Nxf6 d3 56. Kf3 Bc7 57. g4 Be5 58. Ne4 Bd4 59. Nd2 Kd7 60. Ke4 Bf6 61. h5 1-0